Putovanie za spokojnosťou dovolenkárov

Podrobná bibliografia
Hlavný autor: Havrilla, Ján (Autor)
Médium: Článok
Jazyk:slovenčina
Fyzický popis:Obr. 4.
Predmet:

MARC

LEADER 00000nab a2200000 a 4500
001 vtls000128872
003 SK-MaSNL
005 20260303032447.0
008 111104c1982 xo 0 slo
015 |a SNBRB19rr/mm-uuuuu 
035 |a CL0138977 
040 |a SNKBUCL  |b slo  |c SNKBUCL  |e AACR2 
041 0 |a slo 
044 |a xo  |c SK 
080 |a 338.4  |2 1981 
080 |a 379.8  |2 1981 
100 1 |a Havrilla, Ján  |4 aut  |9 626609 
245 1 0 |a Putovanie za spokojnosťou dovolenkárov  |c Ján Havrilla 
300 |b Obr. 4. 
650 0 7 |a ruch cestovný  |2 snkbucl  |9 467000 
650 0 7 |a rekreačné strediská  |2 snkbucl  |9 75706 
650 0 7 |a služby obyvateľstvu  |2 snkbucl  |9 273415 
655 7 |a články z novín a časopisov  |2 snkbucl  |9 267496 
773 0 |t Nedeľná Pravda  |g Roč. 15, č. 32 (1982), s. 4-5 
850 |a Slovenská národná knižnica v Martine  |a MTA001 
852 |a SNK  |b KIS3GCP 
958 |a RK 
992 |a RBX 
999 |c 1664596  |d 1666526